BIBLIOTHÈQUE DE LA MAISON DU MEXIQUE

Logo 1 Logo 2

Antología de cuento (notice nᵒ 8360)

détails MARC
000 -Sello discográfico
campo de control de longitud fija 01299nam a2200325 4500
005 - Identificación de versión
campo de control 20251016084751.0
010 ## - Número Estándar Internacional de Libros (ISBN)
Número (ISBN) 968-13-2540-0
035 ## - Otros números de control del sistema
Número de control del sistema 5016
099 ## - fechas locales
Tipo de ítem Koha LIBRO
100 ## - Datos de procesamiento general
Datos de procesamiento general 20021007d1993 m y1spay5003 ba
105 ## - Campo de datos codificados: Material textual, monográfico
Datos codificados de monografía y 001zy
200 1# - Título y mención de responsabilidad
Título propio Antología de cuento
Designación general del material texto impreso
Otra información del título concurso internacional Juan Rulfo. Premios 1984-1992
Primer mención de responsabilidad prólogo Claude Fell
Declaración de responsabilidad subsiguiente presentación Mercedes Iturbe, Ramón Chao
205 ## - Declaración de edición
Declaración de edición 1a ed
210 ## - Publicación, distribución, etc.
Lugar de publicación, distribución, etc. México
Nombre del editor, distribuidor, etc. Editorial Diana
Fecha de publicación, distribución, etc. 1993
215 ## - Descripción física
Designación de material específico y extensión del ítem 262 p
Dimensiones 21 cm
327 ## - Nota de contenidos
Texto de la nota Ana Lydia Vega, Rafael Ramírez Heredia, Daniel Moyano, Juan Carlos Botero, Héctor Libertella, Rodolfo Hinostroza, Enrique Lázaro, Salvador Garmendia, Luchy Núñez, Pedro Lipcovich, Jesús Día, Luis Sánchez-Cuñat, Mariano Arias, Arturo Arango, Jorge Urien Berri
345 ## - Nota de información de adquisición
Fuente de adquisición/dirección de la suscripción [OBSOLETO] Donación del Centro Cultural
606 ## - Término temático usado como materia
Elemento de entrada Cuentos mexicanos
Subdivisión temática Colecciones
Subdivisión cronológica Siglo XX
Número Koha 13160
660 ## - Código de área geográfica
Código MX
702 ## - Nombre personal - Responsabilidad secundaria
Elemento de entrada Chao Rego
Parte del nombre distinta del elemento de entrada Ramón Luis
Fechas 1935-2018
Número Koha 5983
702 ## - Nombre personal - Responsabilidad secundaria
Elemento de entrada Iturbe Argüelles
Parte del nombre distinta del elemento de entrada Mercedes
Fechas 1944-2007
Número Koha 6408
702 ## - Nombre personal - Responsabilidad secundaria
Elemento de entrada Fell
Parte del nombre distinta del elemento de entrada Claude
Número Koha 721
801 #0 - Fuente de origen
Agencia cm
900 ## -
-- 1/2655
900 ## -
-- 7100214443\071002
942 ## - ELEMENTOS DE ENTRADA SECUNDARIOS (KOHA)
Tipo de ítem Koha Livre
996 ## -
-- MEX
-- 751145101
-- MMAG
-- 002646
-- 863.64 A634
-- 20200217LIV
Exemplaires
Estatus retirado Estado de daño Estado de pérdida Fecha de adquisición Biblioteca de origen Biblioteca actual Ubicación en estantería Código de barras Precio de reemplazo Signatura topográfica completa No para préstamo Tipo de ítem Koha Nota pública Nota no pública
      05/08/2025 Casa México Paris Casa México Paris   002646 05/08/2025 863.64 A634   Livre 20200217LIV 751145101